000 01012cam a22002531 4500
001 e 49000054
003 DLC
005 20260227111234.0
008 780207s1949 dcu f000 0 eng
010 _ae 49000054
035 _a(OCoLC)3615491
040 _aDLC
_cMsHaU
_dWU
_dDLC
042 _apremarc
050 0 0 _aL111
_b.A6 1949, no. 11
051 _aLB2819
_b.B48
_cCopy 2.
082 _a372
100 1 _aBathurst, Effie G.
_q(Effie Geneva),
_d1886-
245 1 0 _aOrganization and supervision of elementary education in 100 cities,
_cby Effie G. Bathurst [and others.
260 _aWashington,
_bFederal Security Agency] Office of Education
_c[1949]
300 _aix, 84 p.
_c23 cm.
440 0 _a[U.S. Office of Education]
_vBulletin, 1949, no. 11
501 _aCopies 1 and 2 of L111.A6 with: Petersburg builds a health program / Effie G. Bathurst. Washington : Govt. Print. Off., 1949. Bound together subsequent to publication.
_5DLC
650 0 _aSchool management and organization
_zUnited States.
999 _c22114
_d22114